00418 2200169 4500001002100000005001500021008004100036020001800077035001900095082000800114090001400122100001600136700001700152245003300169260003100202650001500233INLIS00000000000898220241224113737241224||||||||| | ||| |||| ||  a979-21-1250-2 0010-12240089820 a720 a720 WID m0 aHeinz Frick0 aPetra Widmer00aMembangun,Membentuk,Menghuni aYogyakartabKanisiusc2006 0aArsitektur